000 00508nam a2200145Ia 4500
008 210428s9999 xx 000 0 und d
020 _a1-56347-182-5
082 _a660.04 A498 A
100 _aEarl A.Thornton
_952158
245 0 _aAerospace Thermal Structures and Materials for a New Era /
_cEral A. Thornton
260 _bAmerican Institute of Aeronautics and astronautics
_aWashingtton DC
_c1995
300 _a413p
440 _aProgress in astronautics and aeronautics V-168
_9127131
942 _cBK
_2ddc
999 _c559924
_d559924